00398cam a2200157ua 45000010005000000080039000050400009000440410008000530820009000611000030000702450059001002500009001592600030001683000010001986530032002089294150225n ii |||gr||||Z||||||eng cMAIN aeng a813N aWagenknecht, E.,eAuthor. aCavalcade of the American novelcBy Edward Wagenknecht a1st. aCalcutta:bOxford,c1952. a600p. aAmerican fiction in English